00989nam a2200277 i 4500003000900000005001700009006001900026007000300045008004100048040003000089082002400119100004300143245004800186264003400234300002800268336002700296337003300323338002800356500006400384590002700448650003100475650002400506942001400530952015000544999001700694DO-SdBNP20240710114450.0a||||gr|||| 00| 0 ta231110b200? dr ||||| |||| 00| j spa d aDO-SdBNPbspacBNPHUerda 4222aRD863.44bC352e1 aCastillo Javier, Gerardo,d1963-9167710aEntre dragones. /cGerardo Castillo Javier. a[sin lugar] :bPerla,c[200?] a116 páginas ;c18 cm. 2rdacontentatextobtxt 2rdamediaasin mediaciónbn 2rdacarrieravolumenbnc aIncluye datos biográficos del autor en la contracubierta. aInventariado 2023 / MF 0aLiteratura dominicana.967 4aCuentos dominicanos 2ddccLBS1 00102ddc51708PDaBNPHUbBNPHUcCTd2023-11-10l0oRD863.44 C352ep2023-7722r2023-11-10w2023-11-10yLBS1zEjemplar autografiado por el autor c55450d55450